| 000 | 01470cam a22003011i 4500 | ||
|---|---|---|---|
| 003 | SA-RiAUC | ||
| 005 | 20241027144613.0 | ||
| 008 | 241024s1993 ua g 000 0 ara c | ||
| 040 |
_aSA-JeALM _bara _cSA-RiAUC _erda |
||
| 050 | 4 | _bM39 1993 | |
| 082 | 0 | 4 | _a235.2 |
| 090 |
_a235.2 _b م ا ز |
||
| 100 | 1 |
_aالمازري، محمد بن علي بن عمر، _d453-536 هجري _eمؤلف. |
|
| 245 | 1 | 2 |
_aالمعلم بفوائد مسلم / _cمحمد بن علي بن عمر المازري ؛ تحقيق متولي خليل عوض الله، موسى السيد شريف. |
| 264 | 1 |
_aالقاهرة : _bالمجلس الأعلى للشؤون الإسلامية، _c1993 |
|
| 300 |
_aمجلدات ؛ _c24سم. |
||
| 336 |
_aنص _btxt _2rdacontent _3كتاب |
||
| 337 |
_aبدون وسيط _bn _2rdamedia |
||
| 338 |
_aمجلد _bnc _2rdacarrier |
||
| 650 | 7 |
_aالحديث _xالإسناد الصحيح _2aucsh |
|
| 650 | 7 |
_aالحديث _xالكتب الستة _2aucsh |
|
| 700 | 1 |
_aعوض الله، متولي خليل _eمحقق. |
|
| 700 | 1 |
_aشريف، موسى السيد _eمحقق. |
|
| 700 | 1 | 2 |
_aالإمام مسلم، مسلم بن الحجاج بن مسلم، _d204-261 هجري. _tالمسند الصحيح المختصر من السنن بنقل العدل عن العدل عن رسول الله صلى الله عليه وسلم |
| 740 | 0 | 2 | _aصحيح مسلم. |
| 942 |
_2ddc _cBOOK _n0 |
||
| 949 |
_aSA-JeALM _d241024 _umohamedma123 _n1 |
||
| 999 |
_c1774 _d1774 |
||